| 000 | 01180nam a2200253 a 4500 | ||
|---|---|---|---|
| 001 | 39982 | ||
| 003 | BD-RjUL | ||
| 005 | 20211209053118.0 | ||
| 008 | 160420m19941982ii ||||| |||| 00| 0 ben d | ||
| 020 | _c: Tk.45.00 | ||
| 035 | _a(BD-RjUL)40096 | ||
| 040 |
_aBD-RjUL _bben _cBD-RjUL |
||
| 041 | _aben | ||
| 082 |
_223 _a294.5921 _bSRV 1994 |
||
| 100 |
_aশ্রীশ্রীসদানন্দযোগীন্দ্রসরস্বতী _9123146 |
||
| 245 | 1 | 0 |
_aবেদান্তসার / _cশ্রীশ্রীসদানন্দযোগীন্দ্রসরস্বতী, অনুবাদক ও ব্যাখ্যাতা বিপদভঞ্জন পাল |
| 250 | _aসংঃ পুঃ ভাঃ সং. ১৯৯৪ | ||
| 260 |
_aকলিকাতা : _bসংস্কৃত পুস্তক ভান্ডার, _c১৯৯৪ |
||
| 300 |
_a(i), ২২৬ পৃ. ; _c২২ সেমি. |
||
| 650 |
_aবেদ সাহিত্য _9123147 |
||
| 650 |
_aVedic literature _9118429 |
||
| 700 |
_aপাল, বিপদভঞ্জন, অনুবাদক ও ব্যাখ্যাতা _9123148 |
||
| 942 |
_2ddc _cBK |
||
| 999 |
_c39982 _d39982 |
||